Hamilton Characters By Fanart! - Statistics

General Stats
  • This quiz has been taken 40 times
  • The average score is 11 of 14
Answer Stats
Picture Answer % Correct
Aaron Burr
100%
Alexander Hamilton
97%
Angelica Schuyler
97%
Eliza Schuyler
97%
Peggy Schuyler
88%
George Washington
85%
Thomas Jefferson
85%
Hercules Mulligan
79%
John Laurens
73%
Philip Hamilton
73%
James Madison
70%
King George III
67%
Marquis de Lafayette
61%
Sally Hemmings
6%
No matching quizzes found
Score Distribution
Percent of People with Each Score
Percentile by Number Answered
Your Score History
You have not taken this quiz